Geodetický a kartografický obzor odborný a vědecký časopis Českého úřadu zeměměřického a katastrálního a Úradu geodézie, kartografie a katastra Slovenskej republiky
| New Title: | Geodetický a kartografický obzor (On-line) |
|---|---|
| Previous Title: | Zeměměřictví (Praha) |
| Format: | Journal |
| Language: | Czech Slovak |
| PhysicalDescription: | Online vydanie: Geodetický a kartografický obzor (On-line) ISSN 1805-7446 |
| Published: |
Praha
Státní nakladatelství technické literatury
1955-2012
Praha Vesmír |
| ISSN: | 0016-7096 1804-3992 1805-7446 |
| Subjects: | |
| Online Access: | http://egako.eu/archiv/ |
MARC
| LEADER | 00000cas a2200000 a 4500 | ||
|---|---|---|---|
| 001 | vtls001473178 | ||
| 003 | SK-MaSNL | ||
| 005 | 20260228160705.0 | ||
| 008 | 040416d19552012xr mr|p 0 0b0cze c | ||
| 022 | |a 0016-7096 | ||
| 035 | |a SNK000428480 | ||
| 035 | |a (SVKBB03)vtls000047582 | ||
| 040 | |a SNK |b slo |c SNK |d SVKBB |d SAVUK |e AACR2 | ||
| 041 | 0 | |a cze |a slo |b eng | |
| 044 | |a xr |c CZ | ||
| 072 | 7 | |a 528 |x Geodézia. Kartografia |2 konspekt | |
| 080 | |a 528 |2 2001 | ||
| 080 | |a 528.9 |2 2001 | ||
| 080 | |a (051)-027.561 |2 2001 | ||
| 210 | 0 | |a Geod. kartogr. obz. |b (Print) | |
| 222 | 0 | |a Geodetický a kartografický obzor |b (Print) | |
| 245 | 0 | 0 | |a Geodetický a kartografický obzor |b odborný a vědecký časopis Českého úřadu zeměměřického a katastrálního a Úradu geodézie, kartografie a katastra Slovenskej republiky |
| 247 | 0 | 1 | |a Geodetický a kartografický obzor |f 1955-1968 |
| 247 | 0 | 1 | |a Geodetický a kartografický obzor |b odborný časopis Českého úřadu geodetického a kartografického a Slovenské správy geodézie a kartografie |f 1969-1992 |
| 247 | 0 | 1 | |a Geodetický a kartografický obzor |b odborný časopis Českého úřadu zeměměřického a katastrálního a Slovenského úradu geodézie |f 1993-1997 |
| 260 | |a Praha |b Státní nakladatelství technické literatury |c 1955-2012 | ||
| 260 | 3 | |3 1993-2012 |a Praha |b Vesmír | |
| 310 | |a 1x mesačne | ||
| 362 | 0 | |a 1 (1955)-roč. 58 = 100, č. 12 (pros. 2012) | |
| 500 | |a Od r. 2013 vychádza len v online verzii | ||
| 530 | |a Online vydanie: Geodetický a kartografický obzor (On-line) ISSN 1805-7446 | ||
| 546 | |a Text čes., slov. | ||
| 550 | |a 1955-1968 vydáva Ústřední správa geodézie a kartografie | ||
| 550 | |a 1969-1992 vydáva Český úřad geodetický a kartografický a Slovenská správa geodézie a kartografie | ||
| 550 | |a 1993-2012 vydáva Český úřad zeměměřický a katastrální a Úrad geodézie, kartografie a katastra Slovenskej republiky vo vydav. Vesmír | ||
| 650 | 0 | 7 | |a geodézia |2 SNKPH |9 819 |
| 650 | 0 | 7 | |a kartografia |2 SNKPH |9 820 |
| 650 | 0 | 7 | |a Geodesy |2 SNKPHeng |9 267136 |
| 650 | 0 | 7 | |a Cartography |2 SNKPHeng |9 267137 |
| 655 | 7 | |a odborné časopisy |2 SNKPH |9 70505 | |
| 655 | 7 | |a Professional journals |2 SNKPHeng |9 265007 | |
| 710 | 2 | |a Český úřad zeměměřický a katastrální |4 pbl |9 33421 | |
| 710 | 1 | |a Slovensko. |b Úrad geodézie, kartografie a katastra |4 pbl |9 151503 | |
| 710 | 2 | |a Slovenská správa geodézie a kartografie |4 pbl |9 267138 | |
| 710 | 2 | |a Český úřad geodetický a kartografický |4 pbl |9 93222 | |
| 780 | 0 | 0 | |t Zeměměřictví (Praha) |x 1804-3992 |
| 785 | 0 | 0 | |t Geodetický a kartografický obzor (On-line) |x 1805-7446 |
| 852 | |a Štátna vedecká knižnica v Banskej Bystrici | ||
| 856 | 4 | 1 | |u http://egako.eu/archiv/ |
| 910 | |a savuk | ||
| 910 | |a snk | ||
| 916 | |a 1955-1993-2001-2012 | ||
| 999 | |c 3369 |d 5299 | ||
| 952 | |0 0 |1 0 |4 0 |7 0 |8 0 |a SNK |b SNK |d 1999-11-25 |i snkČSP 840/56 |l 0 |o snkČSB 4521/1(43)/1955 |p 17A0218639 |r 2005-01-02 00:00:00 |t č. 1-12 |w 2026-02-21 |y PREZ | ||
| 952 | |0 0 |1 0 |4 0 |7 0 |8 0 |a SNK |b SNK |d 1999-11-25 |i snkČIP 421/57 |l 0 |o snkČSB 4521/2(44)/1956 |p 17A0218604 |r 2005-01-02 00:00:00 |t č. 1-12 |w 2026-02-21 |y PREZ | ||
| 952 | |0 0 |1 0 |4 0 |7 0 |8 0 |a SNK |b SNK |d 1999-11-25 |i snkČIP 410/59 |l 0 |o snkČSB 4521/4(46)/1958 |p 17A0220085 |r 2005-01-02 00:00:00 |t č. 1-12 |w 2026-02-21 |y PREZ | ||
| 952 | |0 0 |1 0 |4 0 |7 0 |8 0 |a SNK |b SNK |d 1999-11-25 |i snkČIP 25/62 |l 0 |o snkČSB 4521/7(49)/1961 |p 17A0220086 |r 2005-01-02 00:00:00 |t č. 1-12 |w 2026-02-21 |y PREZ | ||
| 952 | |0 0 |1 0 |4 0 |7 0 |8 0 |a SNK |b SNK |d 1999-11-25 |i snkČIP 774/1973 |l 0 |o snkČSB 4521/18(60)/1972 |p 17A0220087 |r 2005-01-02 00:00:00 |t č. 1-12 |w 2026-02-21 |y PREZ | ||
| 952 | |0 0 |1 0 |4 0 |7 0 |a SNK |b SNK |d 2000-03-03 |i snkČIP 2321/90 |l 0 |o snkČSB 4521/35(77)/1989 |p 17A0229341 |r 2005-01-02 00:00:00 |t č. 1-12 |w 2026-02-21 |y PREZ | ||
| 952 | |0 0 |1 0 |4 0 |7 0 |a SNK |b SNK |d 2005-08-11 |i snkČIP 1036/66 |l 0 |o snkČSB 4521/11(53)/1965 |p 17A0481729 |r 2026-02-21 20:08:03 |t č. 1-12 |w 2026-02-21 |y PREZ | ||
| 952 | |0 0 |1 0 |4 0 |7 0 |a SNK |b SNK |d 1998-06-19 |i snkČIP 570/77 |l 0 |o snkČSB 4521/22(64)/1976 |p 17A0143330 |r 2005-01-02 00:00:00 |t č. 1-12 |w 2026-02-21 |y PREZ | ||
| 952 | |0 0 |1 0 |4 0 |7 0 |a SNK |b SNK |d 2005-08-11 |i snkČIP 746/79 |l 0 |o snkČSB 4521/24(66)/1978 |p 17A0481721 |r 2026-02-21 20:15:07 |t č. 1-12 |w 2026-02-21 |y PREZ | ||
| 952 | |0 0 |1 0 |4 0 |7 0 |a SNK |b SNK |d 2005-08-11 |i snkČIP 1705/89 |l 0 |o snkČSB 4521/34(76)/1988 |p 17A0481759 |r 2026-02-21 20:15:51 |t č. 1-12 |w 2026-02-21 |y PREZ | ||
| 952 | |0 0 |1 0 |4 0 |7 0 |a SNK |b SNK |d 2003-07-04 |f 1 |i snkČSP 1812/2000 |l 0 |o snkČSB 4521/44(86)/1998 |p 17A0386018 |r 2005-01-02 00:00:00 |t č. 1-12 |w 2026-02-21 |y PREZ |z č. 1-12 | ||
| 952 | |0 0 |1 0 |4 0 |7 0 |a SNK |b SNK |d 2005-08-11 |i snkČIP 828/74 |l 0 |o snkČSB 4521/19(61)/1973 |p 17A0481713 |r 2026-02-21 20:16:43 |t č. 1-12 |w 2026-02-21 |y PREZ | ||
| 952 | |0 0 |1 0 |4 0 |7 0 |a SNK |b SNK |d 1997-08-20 |i snkČIP 874/68 |l 0 |o snkČSB 4521/13(55)/1967 |p 17A0090436 |r 2005-01-02 00:00:00 |t č. 1-12 |w 2026-02-21 |y PREZ | ||
| 952 | |0 0 |1 0 |4 0 |7 0 |a SNK |b SNK |d 1997-09-16 |i snkČIP 780/71 |l 0 |o snkČSB 4521/16(58)/1970 |p 17A0095311 |r 2005-01-02 00:00:00 |t č. 1-12 |w 2026-02-21 |y PREZ | ||
| 952 | |0 0 |1 0 |4 0 |7 0 |a SNK |b SNK |d 1997-09-16 |i snkČIP 415/58 |l 0 |o snkČSB 4521/3(45)/1957 |p 17A0093417 |r 2005-01-02 00:00:00 |t č. 1-12 |w 2026-02-21 |y PREZ | ||
| 952 | |0 0 |1 0 |4 0 |7 0 |a SNK |b SNK |d 2012-09-05 |f 1 |i snk1169/2003 |l 0 |o snkČSB 4521/45(87)/1999 |p 17A0856450 |r 2026-02-21 20:30:26 |t č. 1-12 |w 2026-02-21 |y PREZ | ||
| 952 | |0 0 |1 0 |4 0 |7 0 |a SNK |b SNK |d 1997-10-01 |l 0 |o snkČSB 4521/40(82)/1994 D1 |p 17A0098607 |r 2005-01-02 00:00:00 |t č. 1-12 |w 2026-02-21 |y PREZ | ||
| 952 | |0 0 |1 0 |4 0 |7 0 |a SNK |b SNK |d 1998-01-09 |f 1 |l 0 |o snkČSB 4521/40(82)/1994 |p 17A0115073 |r 2005-01-02 00:00:00 |t č. 1-12 |w 2026-02-21 |y PREZ | ||
| 952 | |0 0 |1 0 |4 0 |7 0 |a SNK |b SNK |d 1997-10-01 |i snkČIP 6449/93 |l 0 |o snkČSB 4521/38(80)/1992 |p 17A0098557 |r 2005-01-02 00:00:00 |t č. 1-12 |w 2026-02-21 |y PREZ | ||
| 952 | |0 0 |1 0 |4 0 |7 0 |a SNK |b SNK |d 1997-10-01 |l 0 |o snkČSB 4521/41(83)/1995 D1 |p 17A0098664 |r 2005-01-02 00:00:00 |w 2026-02-21 |y PREZ | ||
| 952 | |0 0 |1 0 |4 0 |7 0 |a SNK |b SNK |d 1997-10-01 |l 0 |o snkČSB 4521/39(81)/1993 D1 |p 17A0098611 |r 2005-01-02 00:00:00 |w 2026-02-21 |y PREZ | ||
| 952 | |0 0 |1 0 |4 0 |7 0 |a SNK |b SNK |d 2004-05-14 |i snkČSP 1813/98 |l 0 |o snkČSB 4521/44(86)/1998 D1 |p 17A0427892 |r 2005-01-02 00:00:00 |t č. 1-12 |w 2026-02-21 |y PREZ | ||
| 952 | |0 0 |1 0 |4 0 |7 0 |a SNK |b SNK |d 1997-10-01 |i snkČIP 4243/92 |l 0 |o snkČSB 4521/36(78)/1990 |p 17A0098579 |r 2005-01-02 00:00:00 |t č. 1-12 |w 2026-02-21 |y PREZ | ||
| 952 | |0 0 |1 0 |4 0 |7 0 |a SNK |b SNK |d 1997-10-01 |i snkČIP 4245/92 |l 0 |o snkČSB 4521/37(79)/1991 |p 17A0098366 |r 2005-01-02 00:00:00 |t č. 1-12 |w 2026-02-21 |y PREZ | ||
| 952 | |0 0 |1 0 |4 0 |7 0 |a SNK |b SNK |d 2005-08-11 |i snkČIP 1085/64 |l 0 |o snkČSB 4521/9(51)/1963 |p 17A0481715 |r 2026-02-21 20:55:16 |t č. 1-12 |w 2026-02-21 |y PREZ | ||
| 952 | |0 0 |1 0 |4 0 |7 0 |a SNK |b SNK |d 2001-08-23 |f 1 |l 0 |o snkČSB 4521/42(84)/1996 |p 17A0311959 |r 2005-01-02 00:00:00 |w 2026-02-21 |y PREZ | ||
| 952 | |0 0 |1 0 |4 0 |7 0 |8 1 |a SNK |b SNK |d 2004-04-20 |i snk2013/20925 |l 0 |o snkČSB 4521/48(90)/2002 D1 |p 17A0751244 |r 2005-01-02 00:00:00 |t č. 1-12 |w 2026-02-21 |y PREZ | ||
| 952 | |0 0 |1 0 |4 0 |7 0 |8 1 |a SNK |b SNK |d 2004-08-20 |i snk2013/20926 |l 0 |o snkČSB 4521/49(91)/2003 |p 17A0751245 |r 2005-01-02 00:00:00 |t č. 1-11, neúplné |w 2026-02-21 |y PREZ |z chýba č. 12 | ||
| 952 | |0 0 |1 0 |4 0 |7 0 |8 1 |a SNK |b SNK |d 2004-08-20 |i snk2013/20924 |l 0 |o snkČSB 4521/48(90)/2002 |p 17A0751243 |r 2005-01-02 00:00:00 |t č. 1-12 |w 2026-02-21 |y PREZ | ||
| 952 | |0 0 |1 0 |4 0 |7 0 |a SNK |b SNK |d 1998-06-19 |i snkČIP 143/1981 |l 0 |o snkČSB 4521/26(68)/1980 |p 17A0143289 |r 2005-01-02 00:00:00 |t č. 1-12 |w 2026-02-21 |y PREZ | ||
| 952 | |0 0 |1 0 |4 0 |7 0 |a SNK |b SNK |d 1998-06-19 |i snkČIP 1098/86 |l 0 |o snkČSB 4521/31(73)/1985 |p 17A0143571 |r 2005-01-02 00:00:00 |t č. 1-12 |w 2026-02-21 |y PREZ | ||
| 952 | |0 0 |1 0 |4 0 |7 0 |a SNK |b SNK |d 2014-06-10 |f 1 |i snkČSP 39/1997 |l 0 |o snkČSB 4521/41(83)/1995 |p 17A0856443 |r 2026-02-21 21:14:39 |t 1-12 |w 2026-02-21 |y PREZ | ||
| 952 | |0 0 |1 0 |4 0 |7 0 |a SNK |b SNK |d 2014-06-10 |f 1 |i snkČSP 1701/2001 |l 0 |o snkČSB 4521/43(85)/1997 |p 17A0856451 |r 2026-02-21 21:14:39 |t 1-12 |w 2026-02-21 |y PREZ | ||
| 952 | |0 0 |1 0 |4 0 |7 0 |a SNK |b SNK |d 2014-06-10 |f 1 |i snkČSP 1167/2003 |l 0 |o snkČSB 4521/46(88)/2000 |p 17A0856449 |r 2026-02-21 21:14:39 |t 1-12 |w 2026-02-21 |y PREZ | ||
| 952 | |0 0 |1 0 |4 0 |7 0 |a SNK |b SNK |d 2014-06-10 |f 1 |i snkČSP 1167/2003 |l 0 |o snkČSB 4521/47(89)/2001 |p 17A0961345 |r 2026-02-21 21:14:39 |t 1-12 |w 2026-02-21 |y PREZ | ||
| 952 | |0 0 |1 0 |4 0 |7 0 |a SNK |b SNK |d 1998-10-30 |i snkČIP 255/65 |l 0 |o snkČSB 4521/10(52)/1964 |p 17A0167774 |r 2005-01-02 00:00:00 |t č. 1-12 |w 2026-02-21 |y PREZ | ||
| 952 | |0 0 |1 0 |4 0 |7 0 |a SNK |b SNK |d 2004-07-02 |i snkČIP 2231/67 |l 0 |o snkČSB 4521/12(54)/1966 |p 17A0433999 |r 2005-01-02 00:00:00 |t č. 1-12 |w 2026-02-21 |y PREZ | ||
| 952 | |0 0 |1 0 |4 0 |7 0 |a SNK |b SNK |d 2004-07-02 |i snkČIP 389/63 |l 0 |o snkČSB 4521/8(50)/1962 |p 17A0433991 |r 2005-01-02 00:00:00 |t č. 1-12 |w 2026-02-21 |y PREZ | ||
| 952 | |0 0 |1 0 |4 0 |7 0 |a SNK |b SNK |d 2004-07-02 |i snkČIP 788/72 |l 0 |o snkČSB 4521/17(59)/1971 |p 17A0433997 |r 2005-01-02 00:00:00 |t č. 1-12 |w 2026-02-21 |y PREZ | ||
| 952 | |0 0 |1 0 |4 0 |7 0 |a SNK |b SNK |d 2004-07-02 |i snkČIP 653/76 |l 0 |o snkČSB 4521/21(63)/1975 |p 17A0433993 |r 2005-01-02 00:00:00 |t č. 1-12 |w 2026-02-21 |y PREZ | ||
| 952 | |0 0 |1 0 |4 0 |7 0 |a SNK |b SNK |d 2005-03-11 |i snkČSP 1702/2001 |l 0 |o snkČSB 4521/43(85)/1997 D1 |p 17A0462849 |r 2026-02-21 21:20:34 |t č. 1-12 |w 2026-02-21 |y PREZ | ||
| 952 | |0 0 |1 0 |4 0 |7 0 |a SNK |b SNK |d 2005-03-11 |i snkČSP 1170/2003 |l 0 |o snkČSB 4521/45(87)/1999 D1 |p 17A0462848 |r 2026-02-21 21:20:34 |t č. 1-12 |w 2026-02-21 |y PREZ | ||
| 952 | |0 0 |1 0 |4 0 |7 0 |a SNK |b SNK |d 2005-03-11 |i snkČSP 1172/2003 |l 0 |o snkČSB 4521/47(89)/2001 D1 |p 17A0462828 |r 2026-02-21 21:20:34 |t č. 1-12 |w 2026-02-21 |y PREZ | ||
| 952 | |0 0 |1 0 |4 0 |7 0 |a SNK |b SNK |d 2005-03-11 |i snkČSP 1168/2003 |l 0 |o snkČSB 4521/46(88)/2000 D1 |p 17A0462853 |r 2026-02-21 21:20:34 |t č. 1-12 |w 2026-02-21 |y PREZ | ||
| 952 | |0 0 |1 0 |4 0 |7 0 |a SNK |b SNK |d 2005-03-11 |i snkČSP 3855/94 |l 0 |o snkČSB 4521/39(81)/1993 |p 17A0462845 |r 2026-02-21 21:20:35 |t č. 1-12 |w 2026-02-21 |y PREZ | ||
| 952 | |0 0 |1 0 |4 0 |7 0 |a SNK |b SNK |d 2005-02-18 |i snkČSP 3183/99 |l 0 |o snkČSB 4521/42(84)/1996 D1 |p 17A0351365 |r 2026-02-21 21:20:39 |w 2026-02-21 |y PREZ | ||
| 952 | |0 0 |1 0 |4 0 |7 0 |a SNK |b SNK |d 2005-08-11 |i snkČIP 1002/70 |l 0 |o snkČSB 4521/15(57)/1969 |p 17A0481551 |r 2026-02-21 21:21:45 |t č. 1-12 |w 2026-02-21 |y PREZ | ||
| 952 | |0 0 |1 0 |4 0 |7 0 |a SNK |b SNK |d 2005-08-11 |i snkČIP 535/82 |l 0 |o snkČSB 4521/27(69)/1981 |p 17A0481290 |r 2026-02-21 21:21:45 |t č. 1-12 |w 2026-02-21 |y PREZ | ||
| 952 | |0 0 |1 0 |4 0 |7 0 |a SNK |b SNK |d 2005-08-11 |i snkČIP 325/83 |l 0 |o snkČSB 4521/28(70)/1982 |p 17A0481289 |r 2026-02-21 21:21:45 |t č. 1-12 |w 2026-02-21 |y PREZ | ||
| 952 | |0 0 |1 0 |4 0 |7 0 |a SNK |b SNK |d 2005-08-11 |i snkČIP 535/84 |l 0 |o snkČSB 4521/29(71)/1983 |p 17A0481550 |r 2026-02-21 21:21:45 |t č. 1-12 |w 2026-02-21 |y PREZ | ||
| 952 | |0 0 |1 0 |4 0 |7 0 |a SNK |b SNK |d 2005-08-11 |i snkČIP 199/85 |l 0 |o snkČSB 4521/30(72)/1984 |p 17A0481548 |r 2026-02-21 21:21:45 |t č. 1-12 |w 2026-02-21 |y PREZ | ||
| 952 | |0 0 |1 0 |4 0 |7 0 |a SNK |b SNK |d 2005-08-11 |i snkČIP 993/88 |l 0 |o snkČSB 4521/33(75)/1987 |p 17A0481307 |r 2026-02-21 21:21:45 |t č. 1-12 |w 2026-02-21 |y PREZ | ||
| 952 | |0 0 |1 0 |4 0 |7 0 |a SNK |b SNK |d 2005-08-11 |i snkČIP 2459/60 |l 0 |o snkČSB 4521/5(47)1959 |p 17A0481717 |r 2026-02-21 21:21:47 |t č. 1-12 |w 2026-02-21 |y PREZ | ||
| 952 | |0 0 |1 0 |4 0 |7 0 |a SNK |b SNK |d 2005-08-11 |i snkČIP 3701/61 |l 0 |o snkČSB 4521/6(48)/1960 |p 17A0481716 |r 2026-02-21 21:21:47 |t č. 1-12 |w 2026-02-21 |y PREZ | ||
| 952 | |0 0 |1 0 |4 0 |7 0 |a SNK |b SNK |d 2005-08-11 |i snkČIP 268/78 |l 0 |o snkČSB 4521/23(65)/1977 |p 17A0481720 |r 2026-02-21 21:21:47 |t č. 1-12 |w 2026-02-21 |y PREZ | ||
| 952 | |0 0 |1 0 |4 0 |7 0 |a SNK |b SNK |d 2005-08-11 |i snkČIP 795/87 |l 0 |o snkČSB 4521/32(74)/1986 |p 17A0481719 |r 2026-02-21 21:21:47 |t č. 1-12 |w 2026-02-21 |y PREZ | ||
| 952 | |0 0 |1 0 |4 0 |7 0 |a SNK |b SNK |d 2005-08-11 |i snkČIP 2142/65 |l 0 |o snkČSB 4521/14(56)/1968 |p 17A0481754 |r 2026-02-21 21:21:47 |t č. 1-12 |w 2026-02-21 |y PREZ | ||
| 952 | |0 0 |1 0 |4 0 |7 0 |a SNK |b SNK |d 2005-08-11 |i snkČIP 711/75 |l 0 |o snkČSB 4521/20(62)/1974 |p 17A0481753 |r 2026-02-21 21:21:47 |t č. 1-12 |w 2026-02-21 |y PREZ | ||
| 952 | |0 0 |1 0 |4 0 |7 0 |a SNK |b SNK |d 2005-08-11 |i snkČIP 675/80 |l 0 |o snkČSB 4521/25(67)/1979 |p 17A0481718 |r 2026-02-21 21:21:47 |t č. 1-12 |w 2026-02-21 |y PREZ | ||
| 952 | |0 0 |1 0 |4 0 |7 0 |8 1 |a SNK |b SNK |d 2013-09-10 |i snk2013/20927 |l 0 |o snkČSB 4521/49(91)/2003 D1 |p 17A0751246 |r 2026-02-21 21:31:09 |t č. 1-11, neúplné |w 2026-02-21 |y PREZ |z chýba č. 12 | ||
| 952 | |0 0 |1 0 |4 0 |7 0 |8 1 |a SNK |b SNK |d 2013-09-10 |i snk2013/20928 |l 0 |o snkČSB 4521/50(92)/2004 |p 17A0751247 |r 2026-02-21 21:31:09 |t č. 1-12 |w 2026-02-21 |y PREZ | ||
| 952 | |0 0 |1 0 |4 0 |7 0 |8 1 |a SNK |b SNK |d 2013-09-10 |i snk2013/20930 |l 0 |o snkČSB 4521/50(92)/2004 D1 |p 17A0751248 |r 2026-02-21 21:31:09 |t č. 1-12 |w 2026-02-21 |y PREZ | ||
| 952 | |0 0 |1 0 |4 0 |7 0 |8 1 |a SNK |b SNK |d 2013-09-10 |i snk2013/20931 |l 0 |o snkČSB 4521/51(93)/2005 |p 17A0751249 |r 2026-02-21 21:31:09 |t č. 1-12 |w 2026-02-21 |y PREZ | ||
| 952 | |0 0 |1 0 |4 0 |7 0 |8 1 |a SNK |b SNK |d 2013-09-10 |i snk2013/20935 |l 0 |o snkČSB 4521/51(93)/2005 D1 |p 17A0751250 |r 2026-02-21 21:31:09 |t č. 1-12 |w 2026-02-21 |y PREZ | ||
| 952 | |0 0 |1 0 |4 0 |7 0 |8 1 |a SNK |b SNK |d 2013-09-10 |i snk2013/20939 |l 0 |o snkČSB 4521/52(94)/2006 |p 17A0751251 |r 2026-02-21 21:31:09 |t č. 1-12 |w 2026-02-21 |y PREZ | ||
| 952 | |0 0 |1 0 |4 0 |7 0 |8 1 |a SNK |b SNK |d 2013-09-10 |i snk2013/20941 |l 0 |o snkČSB 4521/52(94)/2006 D1 |p 17A0751252 |r 2026-02-21 21:31:09 |t č. 1-12 |w 2026-02-21 |y PREZ | ||
| 952 | |0 0 |1 0 |4 0 |7 0 |8 1 |a SNK |b SNK |d 2013-09-10 |i snk2013/20943 |l 0 |o snkČSB 4521/53(95)/2007 |p 17A0751253 |r 2026-02-21 21:31:09 |t č. 1-12 |w 2026-02-21 |y PREZ | ||
| 952 | |0 0 |1 0 |4 0 |7 0 |8 0 |a SNK |b SNK |d 2013-09-10 |i snk2013/20946 |l 0 |o snkČSB 4521/53(95)/2007 D1 |p 17A0751254 |r 2026-02-21 21:31:09 |t č. 1-12 |w 2026-02-21 |y PREZ | ||
| 952 | |0 0 |1 0 |4 0 |7 0 |8 1 |a SNK |b SNK |d 2013-09-10 |i snk2013/20949 |l 0 |o snkČSB 4521/54(96)/2008 |p 17A0858511 |r 2026-02-21 21:31:09 |t č. 1-12 |w 2026-02-21 |y PREZ | ||
| 952 | |0 0 |1 0 |4 0 |7 0 |8 1 |a SNK |b SNK |d 2013-09-10 |i snk2013/20953 |l 0 |o snkČSB 4521/54(96)/2008 D1 |p 17A0858512 |r 2026-02-21 21:31:09 |t č. 1-12 |w 2026-02-21 |y PREZ | ||
| 952 | |0 0 |1 0 |4 0 |7 0 |8 1 |a SNK |b SNK |d 2013-09-10 |i snk2013/20956 |l 0 |o snkČSB 4521/55(97)/2009 |p 17A0858513 |r 2026-02-21 21:31:09 |t č. 1-12 |w 2026-02-21 |y PREZ | ||
| 952 | |0 0 |1 0 |4 0 |7 0 |8 1 |a SNK |b SNK |d 2013-09-10 |i snk2013/20960 |l 0 |o snkČSB 4521/55(97)/2009 D1 |p 17A0858514 |r 2026-02-21 21:31:09 |t č. 1-12 |w 2026-02-21 |y PREZ | ||
| 952 | |0 0 |1 0 |4 0 |7 0 |8 1 |a SNK |b SNK |d 2013-09-10 |i snk2013/20963 |l 0 |o snkČSB 4521/56(98)/2010 |p 17A0858515 |r 2026-02-21 21:31:09 |t č. 1-12 |w 2026-02-21 |y PREZ | ||
| 952 | |0 0 |1 0 |4 0 |7 0 |8 1 |a SNK |b SNK |d 2013-09-10 |i snk2013/20964 |l 0 |o snkČSB 4521/56(98)/2010 D1 |p 17A0858516 |r 2026-02-21 21:31:09 |t č. 1-12 |w 2026-02-21 |y PREZ | ||
| 952 | |0 0 |1 0 |4 0 |7 0 |8 1 |a SNK |b SNK |d 2013-09-10 |i snk2013/20965 |l 0 |o snkČSB 4521/57(99)/2011 |p 17A0858519 |r 2026-02-21 21:31:09 |t č. 1-12, neúplné |w 2026-02-21 |y PREZ |z chýba č. 3 | ||
| 952 | |0 0 |1 0 |4 0 |7 0 |8 1 |a SNK |b SNK |d 2013-09-10 |i snk2013/20967 |l 0 |o snkČSB 4521/57(99)/2011 D1 |p 17A0858521 |r 2026-02-21 21:31:09 |t č. 1-12, neúplné |w 2026-02-21 |y PREZ |z chýba č. 3 | ||
| 952 | |0 0 |1 0 |4 0 |7 0 |8 1 |a SNK |b SNK |d 2013-09-10 |i snk2013/20971 |l 0 |o snkČSB 4521/58(100)/2012 |p 17A0858522 |r 2026-02-21 21:31:10 |t č. 1-12 |w 2026-02-21 |y PREZ | ||
| 952 | |0 0 |1 0 |4 0 |7 0 |8 1 |a SNK |b SNK |d 2013-09-10 |i snk2013/20972 |l 0 |o snkČSB 4521/58(100)/2012 D1 |p 17A0858523 |r 2026-02-21 21:31:10 |t č. 1-12 |w 2026-02-21 |y PREZ | ||


